Extrapolation practice for ecotoxicological effect characterization of chemicals

Extrapolation Practice for Ecotoxicological Effect Characterization of Chemicals describes methods of extrapolation in the framework of ecological risk assessment. The book, informally known as EXPECT, identifies data needs and situations where these extrapolations can be most usefully applied, maki...

Ful tanımlama

Kaydedildi:
Detaylı Bibliyografya
Materyal Türü: Kitap
Dil:Undetermined
Baskı/Yayın Bilgisi: Boca Raton CRC Press 2008
Konular:
Etiketler: Etiketle
Etiket eklenmemiş, İlk siz ekleyin!
Thư viện lưu trữ: Trung tâm Học liệu Trường Đại học Cần Thơ
LEADER 01291nam a2200193Ia 4500
001 CTU_153494
008 210402s9999 xx 000 0 und d
082 |a 571.95 
082 |b E96 
245 0 |a Extrapolation practice for ecotoxicological effect characterization of chemicals 
245 0 |c Edited by Keith R. Solomon ... [et al.] 
260 |a Boca Raton 
260 |b CRC Press 
260 |c 2008 
520 |a Extrapolation Practice for Ecotoxicological Effect Characterization of Chemicals describes methods of extrapolation in the framework of ecological risk assessment. The book, informally known as EXPECT, identifies data needs and situations where these extrapolations can be most usefully applied, making it a practical guide to the application of extrapolation procedures. It focuses on the extrapolation of chemical effects and covers the extrapolation of exposures in the context of interactions between toxicants and the matrix. 
650 |a Environmental toxicology,Health risk assessment,Environmental Monitoring,Độc tố môi trường,Giám sát môi trường 
650 |x Mathematical models,Mathematical models,Methods,Mô hình toán học,Phương pháp 
904 |i Tuyến 
980 |a Trung tâm Học liệu Trường Đại học Cần Thơ